Theories of human communication (Record no. 4120)

MARC details
000 -LEADER
fixed length control field 01179nam a22001697a 4500
020 ## - INTERNATIONAL STANDARD BOOK NUMBER
ISBN 0070390150
050 ## - CALL NUMBER
Classification number P90.L48LIT
100 ## - AUTHOR
Personal name Stephen W. Littlejohn
245 ## - TITLE
Title Theories of human communication
Statement of responsibility, etc Stephen W. Littlejohn
250 ## - EDITION
Edition statement 7th ed.
260 ## - PUBLICATION INFORMATION
Place of publication Australia
Name of publisher Wadsworth
Year of publication 2001
300 ## - DESCRIPTION
Number of Pages 378p
500 ## - NOTES
General note Includes index
505 ## - FORMATTED CONTENTS NOTE
Table of Content pt. 1. The nature of inquiry and theory --<br/>1. Communication theory and scholarship --<br/>2. Theory in the process of inquiry --<br/>--<br/>pt. 2. Topics in communication theory --<br/>3. System theory --<br/>4. Theories of signs and language --<br/>5. Theories of discourse --<br/>6. Theories of message production --<br/>7. Theories of message reception and processing --<br/>8. Theories of symbolic interaction, structuration, and convergence --<br/>9. Theories of social and cultural reality --<br/>10. Theories of experience and interpretation --<br/>--<br/>pt. 3. Contextual themes --<br/>12. Communication in relationships --<br/>13. Communication in group decision making --<br/>14. Communication and organizational networks --<br/>15. Communication and media --<br/>--<br/>pt. 4. Capstone --<br/>16. Making communication theory.
650 ## - SUBJECTS
Topical Term Communication
942 ## - ADDED ENTRY ELEMENTS (KOHA)
Koha item type Books
Holdings
Withdrawn status Lost status Collection code Home library Current library Shelving location Date acquired Full call number Accession Number Koha item type
    Reference Methodist University Library Main Methodist University Library Main General Stacks 22/08/2018 P90.L48LIT 36779 Books
Copyright © 2026  MUG Library